[Event "HUN-chT2 Asztalos 1112"]
[Site "Hungary"]
[Date "2012.03.11"]
[Round "7.4"]
[White "Kiss, Arpad"]
[Black "Illes, Attila"]
[Result "1/2-1/2"]
[WhiteElo "2150"]
[BlackElo "2077"]
[PlyCount "64"]
[EventDate "2011.09.25"]
[EventType "team-tourn"]
[EventRounds "11"]
[EventCountry "HUN"]
[SourceTitle "EXT 2013"]
[Source "ChessBase"]
[SourceDate "2012.11.22"]
[SourceVersion "1"]
[SourceVersionDate "2012.11.22"]
[SourceQuality "1"]
[WhiteTeam "Mohacs"]
[BlackTeam "Kaposvar Bastya"]
[WhiteTeamCountry "HUN"]
[BlackTeamCountry "HUN"]

1. d4 d5 2. Nf3 e6 3. Bf4 c5 4. e3 Nc6 5. c3 Bd7 6. Bd3 c4 7. Bc2 f5 8. h3 Nf6 9. Ne5 Nxe5 10. Bxe5 Be7 11. Nd2 0-0 12. 0-0 b5 13. a3 a5 14. Nf3 b4 15. axb4 axb4 16. Bxf6 Rxf6 17. Ba4 Rb8 18. Ne5 Be8 19. Bxe8 Qxe8 20. Ra6 b3 21. Qa1 Bf8 22. Qa5 Qd8 23. Qa4 Rb7 24. f4 h6 25. Ra1 Kh7 26. Qc6 Rc7 27. Qb6 Rc8 28. Qb7 Rc7 29. Ra8 Qe7 30. Qb5 Rb7 31. Qa4 Qc7 32. Qe8 Qe7 1/2-1/2

[Event "HUN-chT2 Asztalos 1112"]
[Site "Hungary"]
[Date "2011.11.27"]
[Round "4.4"]
[White "Kiss, Arpad"]
[Black "Molnar, Szabolcs"]
[Result "0-1"]
[WhiteElo "2150"]
[BlackElo "2018"]
[PlyCount "76"]
[EventDate "2011.09.25"]
[EventType "team-tourn"]
[EventRounds "11"]
[EventCountry "HUN"]
[SourceTitle "EXT 2013"]
[Source "ChessBase"]
[SourceDate "2012.11.22"]
[SourceVersion "1"]
[SourceVersionDate "2012.11.22"]
[SourceQuality "1"]
[WhiteTeam "Mohacs"]
[BlackTeam "Dombovar"]
[WhiteTeamCountry "HUN"]
[BlackTeamCountry "HUN"]

1. d4 Nf6 2. c4 g6 3. Nc3 Bg7 4. e4 d6 5. f3 0-0 6. Be3 e5 7. Nge2 Nc6 8. Qd2 Ne8 9. 0-0-0 f5 10. Bg5 Qd7 11. d5 Na5 12. b3 f4 13. Bh4 b6 14. Bf2 a6 15. Na4 Nxc4 16. Qc3 Ne3 17. Bxe3 fxe3 18. Qxe3 b5 19. Nb2 c5 20. h4 h6 21. g4 Qe7 22. Ng3 Rb8 23. h5 g5 24. Be2 a5 25. Kd2 a4 26. bxa4 bxa4 27. Rb1 Rb4 28. Qc3 Qf7 29. Nd3 Rd4 30. Kc2 Nc7 31. Rb6 Nxd5 32. exd5 e4 33. Nxe4 Rxe4 34. Qd2 Rc4+ 35. Kd1 Qxd5 36. Ke1 Rd4 37. Qc2 Bxg4 38. Rf1 Bf5 0-1

[Event "HUN-chT2 Asztalos 1112"]
[Site "Hungary"]
[Date "2011.09.25"]
[Round "1.5"]
[White "Kadar, Gabor"]
[Black "Kiss, Arpad"]
[Result "1-0"]
[WhiteElo "2138"]
[BlackElo "2150"]
[PlyCount "47"]
[EventDate "2011.09.25"]
[EventType "team-tourn"]
[EventRounds "11"]
[EventCountry "HUN"]
[SourceTitle "EXT 2013"]
[Source "ChessBase"]
[SourceDate "2012.11.22"]
[SourceVersion "1"]
[SourceVersionDate "2012.11.22"]
[SourceQuality "1"]
[WhiteTeam "Komlo"]
[BlackTeam "Mohacs"]
[WhiteTeamCountry "HUN"]
[BlackTeamCountry "HUN"]

1. e4 e5 2. Nf3 d6 3. d4 exd4 4. Qxd4 Nc6 5. Bb5 Bd7 6. Bxc6 Bxc6 7. Nc3 Nf6 8. Bg5 Be7 9. 0-0-0 0-0 10. e5 Ne8 11. Bxe7 Qxe7 12. Nd5 Qe6 13. Ng5 Qxd5 14. Qh4 h6 15. Rxd5 hxg5 16. Qc4 Bxd5 17. Qxd5 c6 18. Qb3 b6 19. e6 f6 20. h4 g4 21. h5 Nc7 22. h6 d5 23. hxg7 Kxg7 24. Qg3 1-0

[Event "HUN-chT2 Asztalos 1011"]
[Site "Hungary"]
[Date "2011.05.01"]
[Round "10.4"]
[White "Szijarto, Attila"]
[Black "Kiss, Arpad"]
[Result "1/2-1/2"]
[WhiteElo "2065"]
[BlackElo "2153"]
[PlyCount "84"]
[EventDate "2010.09.12"]
[EventType "team-tourn"]
[EventRounds "11"]
[EventCountry "HUN"]
[SourceTitle "EXT 2012"]
[Source "ChessBase"]
[SourceDate "2011.11.24"]
[SourceVersion "1"]
[SourceVersionDate "2011.11.24"]
[SourceQuality "1"]
[WhiteTeam "Nagyatad"]
[BlackTeam "Mohacs"]
[WhiteTeamCountry "HUN"]
[BlackTeamCountry "HUN"]

1. e4 e6 2. d4 d5 3. e5 c5 4. c3 Nc6 5. Ne2 Qb6 6. Qb3 Qxb3 7. axb3 cxd4 8. cxd4 Bb4+ 9. Bd2 Nge7 10. Bc3 Nf5 11. Nd2 0-0 12. g4 Nh4 13. f4 Bd7 14. Nc1 b6 15. Nd3 Be7 16. Be2 Ng2+ 17. Kf2 Nh4 18. Kg3 g5 19. Nf3 Nxf3 20. Bxf3 f5 21. Rhf1 gxf4+ 22. Nxf4 Bg5 23. h4 Bxf4+ 24. Kxf4 fxg4+ 25. Kxg4 Rf7 26. Be2 Rg7+ 27. Kh3 Ne7 28. Rg1 Ng6 29. Bd2 Ne7 30. Bh6 Rg6 31. Bh5 Rxg1 32. Rxg1+ Ng6 33. Bxg6 hxg6 34. Rxg6+ Kh8 35. Kg3 Rg8 36. Rxg8+ Kxg8 37. Kg4 Kf7 38. Bg5 Bb5 39. Kf4 Bd3 40. Ke3 Bc2 41. h5 Bxb3 42. h6 Kg6 1/2-1/2

[Event "HUN-chT2 Asztalos 0910"]
[Site "Hungary"]
[Date "2010.04.11"]
[Round "9"]
[White "Gyugyi, Peter"]
[Black "Kiss, Arpad"]
[Result "1/2-1/2"]
[WhiteElo "2088"]
[BlackElo "2152"]
[PlyCount "61"]
[EventDate "2009.11.08"]
[EventType "team-tourn"]
[EventRounds "11"]
[EventCountry "HUN"]
[SourceTitle "EXT 2011"]
[Source "ChessBase"]
[SourceDate "2010.11.26"]
[SourceVersion "1"]
[SourceVersionDate "2010.11.26"]
[SourceQuality "1"]
[WhiteTeam "Nagyatad"]
[BlackTeam "Mohacs"]
[WhiteTeamCountry "HUN"]
[BlackTeamCountry "HUN"]

1. e4 e6 2. d4 d5 3. Nd2 dxe4 4. Nxe4 Nd7 5. Bd3 Ngf6 6. Qe2 Be7 7. Nf3 0-0 8. 0-0 b6 9. Bf4 Bb7 10. Rad1 Nxe4 11. Bxe4 Bxe4 12. Qxe4 Nf6 13. Qe2 Nd5 14. Be5 Bd6 15. c4 Ne7 16. Rfe1 Ng6 17. Qe4 Qe7 18. h4 Bxe5 19. dxe5 Rfd8 20. h5 Nf8 21. Nd4 Qg5 22. Nc6 Rxd1 23. Rxd1 Qxh5 24. Ne7+ Kh8 25. Qxa8 Qxd1+ 26. Kh2 Qh5+ 27. Kg1 Qd1+ 28. Kh2 Qh5+ 29. Kg1 Qd1+ 30. Kh2 Qh5+ 31. Kg1 1/2-1/2

[Event "HUN-chT2 Asztalos 0910"]
[Site "Hungary"]
[Date "2010.02.28"]
[Round "7"]
[White "Kiss, Arpad"]
[Black "Illes, Attila"]
[Result "1/2-1/2"]
[WhiteElo "2152"]
[BlackElo "2111"]
[PlyCount "61"]
[EventDate "2009.11.08"]
[EventType "team-tourn"]
[EventRounds "11"]
[EventCountry "HUN"]
[SourceTitle "EXT 2011"]
[Source "ChessBase"]
[SourceDate "2010.11.26"]
[SourceVersion "1"]
[SourceVersionDate "2010.11.26"]
[SourceQuality "1"]
[WhiteTeam "Mohacs"]
[BlackTeam "Szenna Pack"]
[WhiteTeamCountry "HUN"]
[BlackTeamCountry "HUN"]

1. d4 d5 2. e3 Bf5 3. c4 e6 4. Nc3 c6 5. Bd2 Nf6 6. f4 Ne4 7. Nxe4 Bxe4 8. Nf3 Be7 9. c5 0-0 10. Be2 Nd7 11. b4 b5 12. a4 a6 13. 0-0 Bxf3 14. Bxf3 f5 15. axb5 axb5 16. Rxa8 Qxa8 17. Qa1 Nf6 18. Qb2 Qb7 19. Ra1 Ra8 20. Ra2 Rxa2 21. Qxa2 Kf7 22. Be1 Ne4 23. Bxe4 dxe4 24. Qe2 g6 25. g4 fxg4 26. Qxg4 Qd7 27. Bh4 Bxh4 28. Qxh4 Kg7 29. Qg5 Qd5 30. h4 Kf7 31. Qe5 1/2-1/2

[Event "HUN-chT2 Asztalos 0809"]
[Site "Hungary"]
[Date "2009.02.08"]
[Round "7"]
[White "Kiss, Arpad"]
[Black "Szemes, Tibor"]
[Result "1-0"]
[WhiteElo "2152"]
[BlackElo "1873"]
[PlyCount "69"]
[EventDate "2008.10.26"]
[EventType "team-tourn"]
[EventRounds "11"]
[EventCountry "HUN"]
[SourceTitle "EXT 2010"]
[Source "ChessBase"]
[SourceDate "2010.11.25"]
[SourceVersion "1"]
[SourceVersionDate "2010.11.25"]
[SourceQuality "1"]
[WhiteTeam "Mohacs"]
[BlackTeam "Tamasi Szabadido"]
[WhiteTeamCountry "HUN"]
[BlackTeamCountry "HUN"]

1. d4 Nf6 2. c4 e6 3. e3 b6 4. Nc3 Bb7 5. Nf3 d5 6. a3 c5 7. cxd5 Nxd5 8. Bb5+ Nd7 9. Nxd5 Bxd5 10. Ne5 Bxg2 11. Rg1 Bd5 12. Bxd7+ Ke7 13. Nc6+ Bxc6 14. Bxc6 Rc8 15. d5 g6 16. e4 Bg7 17. Bg5+ f6 18. Bh4 Qd6 19. Bg3 e5 20. Qa4 Rc7 21. 0-0-0 Rf8 22. Kb1 f5 23. exf5 Rxf5 24. Qh4+ Kf7 25. Rge1 Re7 26. Re4 Kg8 27. Rde1 Bf6 28. Qg4 Kg7 29. Qe2 g5 30. Qh5 h6 31. h4 b5 32. Qg4 Rf4 33. Bxf4 exf4 34. Rxe7+ Bxe7 35. Qd7 1-0

[Event "HUN-chT2 Asztalos 0708"]
[Site "Hungary"]
[Date "2008.03.02"]
[Round "7"]
[White "Lizak, Peter"]
[Black "Kiss, Arpad"]
[Result "0-1"]
[WhiteElo "2176"]
[BlackElo "2192"]
[PlyCount "150"]
[EventDate "2007.10.14"]
[EventType "team"]
[EventRounds "11"]
[EventCountry "HUN"]
[SourceTitle "EXT 2009"]
[Source "ChessBase"]
[SourceDate "2008.11.26"]
[SourceVersion "1"]
[SourceVersionDate "2008.11.26"]
[SourceQuality "1"]
[WhiteTeam "Paks ASE"]
[BlackTeam "Mohacs"]
[WhiteTeamCountry "HUN"]
[BlackTeamCountry "HUN"]

1. d4 e6 2. c4 d5 3. Nc3 Nf6 4. cxd5 exd5 5. Bg5 Be7 6. e3 0-0 7. Bd3 c6 8. Qc2 h6 9. Bf4 Bd6 10. Bg3 Re8 11. Nge2 Nh5 12. 0-0 Nxg3 13. Nxg3 Bxg3 14. hxg3 Nd7 15. b4 a6 16. a4 Nf6 17. b5 Bd7 18. bxa6 bxa6 19. a5 Qc7 20. Rfb1 c5 21. dxc5 Qxc5 22. Ne4 Nxe4 23. Bxe4 Qxc2 24. Bxc2 Bb5 25. Ba4 Reb8 26. Bb3 Bd3 27. Bxd5 Rxb1+ 28. Rxb1 Rd8 29. Bxf7+ Kxf7 30. Rb3 Bb5 31. Ra3 Rd1+ 32. Kh2 Rd2 33. f3 Bf1 34. Kh3 Bxg2+ 35. Kg4 Bf1 36. e4 Rc2 37. Ra1 Bb5 38. Ra3 Kf6 39. Kf4 Re2 40. g4 g5+ 41. Kg3 Rc2 42. Ra1 Ke5 43. Rd1 Be2 44. Rd5+ Ke6 45. Rf5 Rc3 46. Kf2 Bd1 47. Kg3 Ra3 48. Kf2 Ba4 49. Rf8 Bd1 50. Rf5 Rc3 51. Kg3 Ba4 52. Kf2 Rc6 53. Kg3 Bb5 54. Rf8 Ke5 55. Rd8 Rc5 56. Rh8 Rc6 57. Rd8 Rd6 58. Rh8 Kd4 59. Rh7 Rf6 60. Kf2 Kd3 61. Rh8 Rd6 62. Rh7 Kc4 63. Ke3 Kb4 64. e5 Re6 65. Kd4 Bc6 66. Rf7 Kxa5 67. f4 gxf4 68. Rxf4 Kb6 69. Rf2 a5 70. Rb2+ Kc7 71. Rh2 a4 72. Rh5 Rg6 73. Kc5 Bd7 74. Rh1 Bxg4 75. Ra1 Bd7 0-1